Progresívne technológie v obchodnej činnosti bakalárska práca

Gespeichert in:
Bibliographische Detailangaben
1. Verfasser: Drobňák, Matej
Körperschaft: Podnikovohospodárska fakulta EU so sídlom v Košiciach. Katedra obchodného podnikania
Weitere Verfasser: Lieskovská, Vanda, 1961-
Format: Buch
Sprache:Slowakisch
Veröffentlicht: Košice 2021
Tags: Tag hinzufügen
Keine Tags, Fügen Sie das erste Tag hinzu!

MARC

LEADER 00000nbm a2200000 4500
001 0278143
005 20220330134703.5
041 0 |a slo 
044 |a SK 
245 1 0 |a Progresívne technológie v obchodnej činnosti  |b bakalárska práca  |c Matej Drobňák ; školiteľ: Vanda Lieskovská 
264 1 |a Košice  |c 2021 
300 |a 45 s. 
100 1 |a Drobňák, Matej 
700 1 |a Lieskovská, Vanda, 1961- 
710 2 |a Podnikovohospodárska fakulta EU so sídlom v Košiciach. Katedra obchodného podnikania